| 000 | 003470000a22001450004500 | ||
|---|---|---|---|
| 003 | MACL | ||
| 040 | _aMACL | ||
| 090 |
_c6597 _d6596 |
||
| 100 | _aAgrawal, S P | ||
| 245 | _aDevelopment Of Library Services In India | ||
| 260 |
_bConcept Publishing Company _c1989 |
||
| 350 | _a150 | ||
| 650 | _aLibrary And Information Science | ||
| 942 |
_cBOOK _k020 |
||
| 999 |
_c6549 _d6549 |
||